[Event "Olympiad"]
[Site "Bled SLO"]
[Date "2002.10.29"]
[Round "4"]
[White "Adyatomor,C"]
[Black "Gentilleau,JP"]
[Result "0-1"]
[WhiteElo "2201"]
[BlackElo "2224"]

1.Nf3 Nf6 2.g3 g6 3.Bg2 Bg7 4.c4 O-O 5.O-O d6 6.d4 Nbd7 7.Nc3 e5 8.e4 Re8
9.dxe5 dxe5 10.Be3 c6 11.h3 Qc7 12.Qc2 Nf8 13.Rfd1 Be6 14.b3 Rad8 15.Bc5 b6
16.Ba3 Bc8 17.Rxd8 Rxd8 18.Rd1 Ne8 19.Rxd8 Qxd8 20.Qd1 Qxd1+ 21.Nxd1 Ne6
22.Ne3 Nd4 23.Kf1 Nxf3 24.Bxf3 Bxh3+ 25.Ke1 Bc8 26.Be7 Bf8 27.Bd8 f6 28.Bg4 Bxg4
29.Nxg4 Kf7 30.Bxf6 Nxf6 31.Nxe5+ Ke6 32.Nxc6 Nxe4  0-1

[Event "Olympiad"]
[Site "Bled SLO"]
[Date "2002.10.29"]
[Round "4"]
[White "Wastney,S"]
[Black "Garmendez,F"]
[Result "0-1"]
[WhiteElo "2266"]
[BlackElo "2408"]

1.Nf3 Nf6 2.c4 g6 3.g3 Bg7 4.Bg2 O-O 5.O-O c5 6.Nc3 Nc6 7.d4 cxd4 8.Nxd4 Nxd4
9.Qxd4 d6 10.Qd3 Bf5 11.e4 Be6 12.Bd2 Nd7 13.b3 a5 14.a4 Nc5 15.Qc2 Rc8 16.Rac1 Bd7
17.Nd5 e6 18.Nf4 Bc6 19.Rfd1 Qb6 20.Rb1 e5 21.Nd5 Bxd5 22.cxd5 Ne6 23.Qd3 Nd4
24.b4 axb4 25.Rxb4 Qa7 26.Rdb1 Rc7 27.Bh3 f5 28.exf5 Nxf5 29.Bxf5 gxf5 30.Be3 Qa8
31.Qb3 Rff7 32.Bb6 Rcd7 33.Rc4 Qe8 34.Rbc1 Bf8 35.a5 Rfe7 36.Rc7 Qf7 37.Rxd7 Rxd7
38.Rc8 h5 39.Qe3 Kh7 40.Qc3 Bg7 41.Qc4 Qg6 42.Qb5 Qf7 43.Qc4 Qg6 44.Qb5 Rf7
45.Qe8 f4 46.Qb5 h4 47.Qf1 fxg3 48.hxg3 hxg3 49.Qh3+ Bh6 50.fxg3 Qe4 51.Rc7 Qb1+
52.Kh2 Rxc7 53.Bxc7 Qc2+  0-1

[Event "Olympiad"]
[Site "Bled SLO"]
[Date "2002.11.01"]
[Round "7"]
[White "Wastney,S"]
[Black "Goutali,T"]
[Result "1/2-1/2"]
[WhiteElo "2266"]
[BlackElo "2126"]

1.Nf3 Nf6 2.c4 g6 3.g3 Bg7 4.Bg2 O-O 5.O-O d6 6.Nc3 Nc6 7.d4 a6 8.Qd3 Nd7
9.Bd2 e5 10.d5 Nd4 11.Nxd4 exd4 12.Ne4 Ne5 13.Qc2 Bg4 14.Bg5 f6 15.Bf4 g5
16.Bxe5 fxe5 17.Qd2 h6 18.b4 Qd7 19.a4 Bh3 20.Bxh3 Qxh3 21.f3 Rad8 22.b5 axb5
23.axb5 b6 24.Ra7 Rd7 25.Rfa1 Qf5 26.g4 Qg6 27.Ra8 Rf7 28.Rxf8+ Bxf8 29.Kg2 Rf4
30.Qd3 h5 31.h3 Rf7 32.Ng3 Qxd3 33.exd3 h4 34.Ne4 Be7 35.Ra7 Bd8 36.Nd2 Rd7
37.Ra8 Kf7 38.Nb1 Bf6 39.Na3 Kg6 40.Nc2 Rd8 41.Ra7 Rc8 42.Nb4 Kf7 43.Na6 Bd8
44.Kf2 Ke8 45.Ke2 Kd7 46.Nb4 Bf6 47.Na6 Bd8 48.Nb4 Bf6 49.Nc6 Bd8 50.Kd2 Bf6
51.Kc2 Bh8 52.Kd2 Bf6 53.Ke2 Bh8 54.Kf2 Bf6 55.Nb4 Be7 56.Na6 Bd8 57.Rb7 Ra8
58.Rb8 Rxb8 59.Nxb8+ Ke8 60.Na6 Kf7 61.Nb4 Bf6 62.Nc2 Kg6 63.Ne1 Bd8 64.Nc2 Kf7
65.Na3 Bf6 66.Nb1 Bd8 67.Nd2 Kg6 68.Ke2 Kf7 69.Ne4 Be7 70.Kd2 Ke8 71.Kc2 Kd8
72.Kb3 Kd7 73.Nd2 Bd8 74.Kc2 Be7 75.Nb1 Bd8 76.Na3 Be7 77.Kd2 Ke8 78.Nc2 Kf7
79.Nb4 Kg6 80.Nc6 Bf6 81.Kc2 Kf7 82.Kb3 Ke8 83.Kb4 Kd7 84.Na7 Bd8 85.Nc6 Bf6
86.Ka4 Kc8 87.Kb3  1/2-1/2

[Event "Olympiad"]
[Site "Bled SLO"]
[Date "2002.11.02"]
[Round "8"]
[White "Nogueiras,J"]
[Black "Speck,N"]
[Result "1/2-1/2"]
[WhiteElo "2528"]
[BlackElo "2371"]

1.Nf3 Nf6 2.c4 g6 3.g3 Bg7 4.Bg2 O-O 5.d4 d6 6.O-O Nc6 7.Nc3 a6 8.h3 Rb8
9.e4 b5 10.cxb5 axb5 11.Re1 e6 12.d5 Ne7 13.dxe6 Bxe6 14.e5 dxe5 15.Qxd8 Rfxd8
16.Nxe5 b4 17.Na4 Rb5 18.Bf4 Nfd5 19.Rad1 Ra8 20.b3 Nxf4 21.gxf4 Nd5 22.Bf1 Rbb8
23.Bg2 Rb5  1/2-1/2

[Event "Olympiad"]
[Site "Bled SLO"]
[Date "2002.11.02"]
[Round "8"]
[White "Adyatomor,C"]
[Black "Mbambara,T"]
[Result "1-0"]
[WhiteElo "2201"]
[BlackElo "2097"]

1.c4 Nf6 2.Nf3 g6 3.g3 Bg7 4.Bg2 O-O 5.Nc3 c6 6.e4 d6 7.O-O e5 8.d4 Qc7 9.h3 Nbd7
10.Be3 Re8 11.Kh2 h6 12.b4 Nh5 13.Rc1 Nf8 14.d5 a5 15.dxc6 bxc6 16.b5 Be6
17.bxc6 Qxc6 18.Qd2 g5 19.Rfd1 Ra6 20.Bf1 f5 21.exf5 Bxf5 22.c5 Bxh3 23.Bxh3 Qxf3
24.Bg2 Qg4 25.Bb7 Nf4 26.Bxf4 exf4 27.Bxa6 fxg3+ 28.fxg3 Be5 29.Qd3 Kg7 30.Rf1 Ng6
31.Qf3 Qe6 32.Qf5 dxc5 33.Qxe6 Rxe6 34.Bc4 Re7 35.Rce1 Rb7 36.Nb5 h5 37.Rf5 h4
38.Rexe5 hxg3+ 39.Kxg3 Nxe5 40.Rxe5  1-0

[Event "Olympiad"]
[Site "Bled SLO"]
[Date "2002.11.06"]
[Round "11"]
[White "Adyatomor,C"]
[Black "Klerides,P"]
[Result "0-1"]
[WhiteElo "2201"]
[BlackElo "2183"]

1.c4 Nf6 2.Nf3 g6 3.g3 Bg7 4.Bg2 O-O 5.O-O d6 6.d4 Nbd7 7.Nc3 e5 8.e4 c6
9.h3 Qb6 10.dxe5 dxe5 11.Qc2 Re8 12.Be3 Qc7 13.Rfd1 Nf8 14.Bc5 N6d7 15.Be3 Ne6
16.b4 Nb6 17.Ne2 a5 18.a3 axb4 19.axb4 Rxa1 20.Rxa1 c5 21.bxc5 Nxc5 22.Rb1 Nba4
23.Nd2 Bd7 24.Nb3 Ne6 25.Qd3 Bc6 26.Nc3 Nxc3 27.Qxc3 Ra8 28.Ra1 Rxa1+ 29.Qxa1 Qd8
30.Nc5 Nxc5 31.Bxc5 h5 32.Qc3 h4 33.Kh2 hxg3+ 34.fxg3 Qd1 35.Be3 Qe2 36.g4 Bxe4
37.Qd2 Qxd2 38.Bxd2 Bxg2 39.Kxg2 f5 40.h4 Kf7 41.Kf3 Ke6 42.h5 fxg4+ 43.Kxg4 gxh5+
44.Kxh5 Kf5 45.Bc3 Bf6 46.Bb4 Bd8 47.c5 e4 48.Kh6 e3 49.Kg7 Ke6 50.Be1 Be7  0-1

[Event "Olympiad"]
[Site "Bled SLO"]
[Date "2002.11.06"]
[Round "11"]
[White "Minero Pineda,S"]
[Black "Alvarez,Joh"]
[Result "1-0"]
[WhiteElo "2396"]
[BlackElo "2382"]

1.Nf3 Nf6 2.c4 g6 3.g3 Bg7 4.Bg2 O-O 5.d4 d6 6.O-O Nc6 7.Nc3 Bf5 8.b3 Ne4
9.Bb2 Nxc3 10.Bxc3 Be4 11.Rc1 d5 12.e3 e6 13.Qe2 f5 14.Rfd1 g5 15.Ne5 Nxe5
16.dxe5 Bxg2 17.Kxg2 f4 18.exf4 gxf4 19.Qg4 Kh8 20.Qxe6 Qg5 21.Qxd5 Rf5 22.Qe4 Raf8
23.e6 fxg3 24.fxg3 Rf2+ 25.Kg1 Bxc3 26.e7 Re8 27.Kxf2 Rxe7 28.Qf3 Bb4 29.Qf8+  1-0

[Event "Olympiad"]
[Site "Bled SLO"]
[Date "2002.11.07"]
[Round "12"]
[White "Agrest,E"]
[Black "Annaberdiev,M"]
[Result "1-0"]
[WhiteElo "2607"]
[BlackElo "2305"]

1.Nf3 Nf6 2.c4 g6 3.g3 Bg7 4.Bg2 O-O 5.O-O d6 6.Nc3 e5 7.d3 Nc6 8.Rb1 a5
9.h3 Nd4 10.Nd2 c6 11.e3 Ne6 12.Nf3 h6 13.e4 Nh7 14.Nh4 Nf4 15.gxf4 Qxh4
16.Qf3 exf4 17.Qxf4 Qh5 18.Qg3 Ng5 19.h4 Ne6 20.Be3 Bf6 21.Bf3 Qxh4 22.Qxh4 Bxh4
23.Bxh6 Re8 24.Be3 Bf6 25.Ne2 Kg7 26.Bg2 Nc5 27.e5 Be7 28.d4 Nd7 29.f4 Nb6
30.b3 d5 31.c5 Nd7 32.f5 gxf5 33.Ng3 Nf8 34.Nxf5+ Bxf5 35.Rxf5 Ng6 36.Rbf1 Rf8
37.Bh3 Rab8 38.R5f3 b6 39.cxb6 Rxb6 40.Rg3 c5 41.dxc5 Rc6 42.Rc1 f5 43.exf6+ Bxf6
44.Bd7 Be5 45.Bxc6 Bxg3 46.Bxd5 Nf4 47.Bc4 Re8 48.Bd4+ Kg6 49.c6 Rd8 50.Be3 Re8
51.Bd2 a4 52.c7 axb3 53.Bxf4 Bxf4 54.Bd3+ Kg5 55.c8=Q Be3+ 56.Kg2 b2 57.Qf5+  1-0

[Event "Olympiad"]
[Site "Bled SLO"]
[Date "2002.11.10"]
[Round "14"]
[White "Mikhalchishin,A"]
[Black "Belli,M"]
[Result "1-0"]
[WhiteElo "2542"]
[BlackElo "2401"]

1.Nf3 Nf6 2.c4 g6 3.g3 Bg7 4.Bg2 O-O 5.d4 d6 6.O-O Nbd7 7.Qc2 c6 8.Rd1 Qc7
9.b3 Re8 10.Ba3 b6 11.Nbd2 Bb7 12.Rac1 Rac8 13.e4 a6 14.Bb2 e5 15.c5 exd4
16.cxd6 Qb8 17.Nxd4 Qxd6 18.f4 Qb8 19.e5 c5 20.N4f3 Ng4 21.Nc4 Bc6 22.h3 b5
23.hxg4 bxc4 24.Qxc4 Qb7 25.Qe2 a5 26.Nd2 a4 27.Nc4 Bxg2 28.Qxg2 Qa7 29.Nd6 axb3
30.axb3 Bf8 31.Nxe8 Rxe8 32.Qc6 Qa2 33.Qxd7 Qxb3 34.Bc3  1-0

[Event "Olympiad"]
[Site "Bled SLO"]
[Date "2002.11.10"]
[Round "14"]
[White "Abdulaziz,M"]
[Black "Annurudha,G"]
[Result "1-0"]
[WhiteElo "2134"]
[BlackElo "2184"]

1.c4 Nf6 2.g3 g6 3.Bg2 Bg7 4.Nf3 O-O 5.O-O d6 6.Nc3 e5 7.d3 Nc6 8.Rb1 Bg4
9.b4 Ne7 10.h3 Bd7 11.Kh2 Nh5 12.e4 c6 13.Bd2 f5 14.b5 f4 15.bxc6 bxc6 16.c5 Kh8
17.g4 Nf6 18.cxd6 Nc8 19.Nxe5 Nxe4 20.Nxg6+ hxg6 21.Nxe4 Be5 22.d4 Bxd6 23.Nxd6 Nxd6
24.Bb4 Qc7 25.Kg1 a5 26.Bc5 Nb5 27.Qd3 Rf6 28.Rxb5 f3 29.Bxf3 Qf4 30.Rb3 Rc8
31.Qe3 a4 32.Qxf4 Rxf4 33.Re3  1-0

[Event "TCh-FIN 2002-3"]
[Site "Finland FIN"]
[Date "2002.11.16"]
[Round "4"]
[White "Porrasmaa,T"]
[Black "Niemela,A"]
[Result "1/2-1/2"]
[WhiteElo "2216"]
[BlackElo "2260"]

1.Nf3 Nf6 2.c4 g6 3.g3 Bg7 4.Bg2 O-O 5.O-O d6 6.Nc3 e5 7.d3 Nc6 8.Rb1 a5
9.a3 Re8 10.Bg5 h6 11.Bxf6 Bxf6 12.b4 axb4 13.axb4 Bg7 14.b5 Ne7 15.Qb3 Be6
16.Nd2 c6 17.Rfc1 d5 18.bxc6 bxc6 19.cxd5 cxd5 20.Nb5 d4 21.Nc4 Rb8 22.Qa3 Bd5
23.Nbd6 Rf8 24.Qc5 Bxg2 25.Kxg2 Rxb1 26.Rxb1 Qa8+ 27.Rb7 Rb8 28.Nb6 Qxb7+
29.Nxb7 Rxb7 30.Nc4 f6 31.Nd6 Rd7 32.h4 h5 33.Qc4+ Kh7 34.Qe6 Ra7 35.Qf7 Nc8
36.Qe6 Nxd6 37.Qxd6 f5 38.Qb6 Re7 39.Qd6 Re8 40.Qd7 Rb8 41.f3 Rf8 42.Qe7 Rb8
43.Qc7 Rf8 44.Qd7 Rb8 45.g4 fxg4 46.fxg4 hxg4 47.Qxg4 Rf8 48.h5 gxh5 49.Qxh5+ Kg8
50.Kg3 Rf4 51.Qe8+ Kh7 52.Qh5+ Kg8  1/2-1/2

[Event "WYg14"]
[Site "Heraklio GRE"]
[Date "2002.11.21"]
[Round "8"]
[White "Franciskovic,B"]
[Black "Krutika,N"]
[Result "0-1"]
[WhiteElo "2012"]
[BlackElo "2125"]

1.Nf3 Nf6 2.c4 g6 3.g3 Bg7 4.Bg2 O-O 5.O-O d5 6.cxd5 Nxd5 7.Nc3 Nxc3 8.dxc3 c5
9.Qxd8 Rxd8 10.Be3 Na6 11.Rfd1 Bd7 12.Rac1 Bc6 13.Ne1 Bxg2 14.Kxg2 b6 15.Nc2 Nc7
16.f3 f5 17.Bf2 Nd5 18.Ne3 Bh6 19.f4 Nf6 20.Rd3 Rxd3 21.exd3 Rd8 22.Rd1 b5
23.Kf3 Bf8 24.Ke2 e6 25.Nc2 a6 26.Ne1 Nd5 27.Nf3 h6 28.Be1 Nb6 29.d4 c4 30.Bd2 Kg7
31.a3 a5 32.Ne5 Bd6 33.Nf3 Nd5 34.Re1 Ra8 35.Kd1 Kf6 36.Nh4 g5 37.fxg5+ hxg5
38.Nf3 g4 39.Ng5 Re8 40.Nh7+ Kg6 41.Ng5 e5 42.dxe5 Bxe5 43.Kc2 Nf6 44.Bf4 Ne4
45.Bxe5 Nxg5 46.Re3 Nf3 47.Bf4 Rxe3 48.Bxe3 Nxh2 49.Bb6 a4 50.Kd1 Nf3 51.Kc2 Ne5
52.Bd4 Nd3 53.Be3 Kf6 54.Bd4+ Ke6 55.Bb6 Ke5 56.Bc7+ Ke4 57.Bd6 Kf3 58.Bc7 Nf2
59.Bd6 Ne4  0-1

[Event "TCh-BEL 2002-3"]
[Site "Belgium BEL"]
[Date "2002.11.24"]
[Round "3"]
[White "De Bruycker,B"]
[Black "Blees,A"]
[Result "0-1"]
[WhiteElo "2209"]
[BlackElo "2356"]

1.Nf3 Nf6 2.c4 g6 3.g3 Bg7 4.Bg2 O-O 5.Nc3 d6 6.O-O e5 7.d3 h6 8.Rb1 a5 9.a3 Re8
10.b4 axb4 11.axb4 e4 12.dxe4 Nxe4 13.Nxe4 Rxe4 14.c5 d5 15.Ne1 Re8 16.Qxd5 Qxd5
17.Bxd5 Rxe2 18.Bc4 Re7 19.Bb2 Bf5 20.Bd3 Rxe1 21.Rfxe1 Bxd3 22.Re8+ Kh7
23.Bxg7 Bxb1 24.Be5 Nc6 25.Rxa8 Nxe5 26.Re8 Nf3+ 27.Kg2 Ng5 28.Re7 Be4+ 29.Kf1 Kg7
30.Rxc7 Kf6 31.Ke2 Bc6 32.Ke3 Ne6 33.Rc8 Ke5 34.f4+ Kf5 35.h3 h5 36.Rh8 Nc7
37.Rh7 Be8 38.Kf3 Kf6 39.g4 hxg4+ 40.hxg4 Na6 41.Ke4 Nxb4 42.Rh3 Bc6+ 43.Kd4 Nd5
44.Rf3 Ke7 45.Rf2 Nc7 46.Kc4 Bb5+ 47.Kb4 Bd7 48.Ka5 Bxg4 49.Kb6 Ne6 50.Kxb7 Nxc5+
51.Kc6 Nd3 52.Rd2 Nxf4 53.Kc5 Kf6 54.Kd4 Kg5 55.Ke3 f5 56.Rd6 Ne6 57.Kf2 f4
58.Kg2 Bf5 59.Ra6 Kf6 60.Rb6 g5  0-1

[Event "ch-ISR"]
[Site "Tel Aviv ISR"]
[Date "2002.11.30"]
[Round "6"]
[White "Bitansky,I"]
[Black "Porat,S"]
[Result "0-1"]
[WhiteElo "2370"]
[BlackElo "2343"]

1.Nf3 Nf6 2.g3 g6 3.Bg2 Bg7 4.c4 O-O 5.Nc3 d5 6.cxd5 Nxd5 7.O-O c5 8.Nxd5 Qxd5
9.d3 Nc6 10.Be3 Bxb2 11.Rb1 Bf6 12.Qa4 Nb4 13.Nd2 Bd7 14.Qa5 Qxa2 15.Qxc5 a5
16.Ne4 Bc6 17.Nxf6+ exf6 18.Bxc6 bxc6 19.Bh6 Rfe8 20.Qc3 Qe6 21.e4 Red8 22.Rfd1 Qe5
23.Qb3 Rd7 24.Rd2 Re8 25.Rbd1 Qh5 26.Be3 Qb5 27.Qc3 Re6 28.g4 h5 29.h3 hxg4
30.hxg4 Qe5 31.Qc4 Re8 32.Qc1 Qe6 33.f3 Qd6 34.Kg2 Rc8 35.Qc3 Kg7 36.g5 Rh8
37.f4 Qe6 38.f5 gxf5 39.Bd4 Rh5 40.Bxf6+ Kg6 41.Rh1 fxe4 42.Rxh5 Qg4+ 43.Kf1 Qxh5
44.Qe5 Qf3+ 45.Kg1 Rxd3 46.Rxd3 Nxd3 47.Qb8 Qf2+ 48.Kh1 Qh4+ 49.Kg1 Qg4+
50.Kh1 Qd1+ 51.Kh2 Qe2+ 52.Kg1 Qf2+ 53.Kh1 Qf1+ 54.Kh2 Qf4+ 55.Qxf4 Nxf4  0-1

[Event "XII It"]
[Site "Elgoibar ESP"]
[Date "2002.12.19"]
[Round "8"]
[White "Paunovic,D"]
[Black "Mirzoev,A"]
[Result "1/2-1/2"]
[WhiteElo "2532"]
[BlackElo "2522"]

1.c4 Nf6 2.Nf3 g6 3.g3 Bg7 4.Bg2 O-O 5.O-O d6 6.d4 Nbd7 7.Qc2 c5 8.Rd1 cxd4
9.Nxd4 Nc5 10.Nc3 a5  1/2-1/2

[Event "Christmas Open"]
[Site "Zadar CRO"]
[Date "2002.12.19"]
[Round "6"]
[White "Pahor,A"]
[Black "Armanda,I"]
[Result "1-0"]
[WhiteElo "2043"]
[BlackElo "2316"]

1.Nf3 Nf6 2.c4 g6 3.g3 Bg7 4.Bg2 O-O 5.O-O d6 6.Nc3 Nc6 7.d3 h6 8.Rb1 e5
9.b4 Be6 10.b5 Ne7 11.Qc2 Nd7 12.Nd2 Qc8 13.Ba3 Re8 14.Nd5 Nf5 15.Nb3 c6
16.bxc6 bxc6 17.Nb4 Nb8 18.Qd2 a5 19.Nc2 Qc7 20.Ne3 Nxe3 21.Qxe3 Nd7 22.Rfc1 Rab8
23.Qf3 a4 24.Nd2 Rxb1 25.Nxb1 Rc8 26.Nc3 Nf6 27.Ne4 Nxe4 28.Qxe4 f5 29.Qf3 Kh7
30.e4 fxe4 31.dxe4 Rf8 32.Qe2 c5 33.h4 h5 34.Rc3 Qa5 35.Qd3 Rb8 36.Rc1 Qc7
37.Rd1 Rb6 38.Qc2 Qa7 39.Bf1 Qa5 40.Kh2 Bg4 41.Be2 Be6 42.Kg2 Qa6 43.Kg1 Bf8
44.Kg2 Qb7 45.Bf3 Qf7 46.Be2 Qb7 47.Bf3 Qa6 48.Be2 Rb7 49.Kg1 Qa8 50.Bf1 Rf7
51.Rb1 Be7 52.Rb6 Qa5 53.Rb1 g5 54.hxg5 Bxg5 55.Qd1 Bg4 56.Qxd6 h4 57.Qxe5 Qd2
58.Bxc5 hxg3 59.Qxg3 Bf3 60.Bg2 Bxg2 61.Qxg2 Bh6 62.Kh1 Qxa2 63.Rg1 Rg7 64.Qf1 Rxg1+
65.Kxg1 Qd2 66.Be7 Qf4 67.Qg2 Qc1+ 68.Qf1 Qf4 69.Qe2 Qc1+ 70.Kg2 a3 71.e5 a2
72.Qxa2 Qf4 73.Qc2+ Kg7 74.Bf6+ Kf7 75.Qe2 Ke6 76.c5 Bg5 77.Qf3 Qc1 78.Qg4+ Kd5
79.Qxg5 Qc2 80.Qe3 Ke6 81.Qh3+ Kd5 82.Qd7+ Kc4 83.Qg4+ Kb5 84.e6 Qd2 85.e7 Qd5+
86.Qf3 Qg8+ 87.Kf1 Qe8 88.c6 Kb6 89.Bd4+ Kc7 90.Be5+ Kb6 91.Bd6 Ka7 92.Qa3+ Kb6
93.Qb4+ Ka6  1-0

[Event "Rotary Open"]
[Site "Lindsborg Kansas USA"]
[Date "2002.12.21"]
[Round "6"]
[White "Donaldson,J"]
[Black "Khachian,M"]
[Result "1/2-1/2"]
[WhiteElo "2418"]
[BlackElo "2481"]

1.Nf3 Nf6 2.c4 g6 3.g3 Bg7 4.Bg2 O-O 5.d4 c6 6.Nc3 d5 7.cxd5 cxd5 8.Ne5 e6
9.O-O Nfd7 10.f4 Nc6 11.Be3  1/2-1/2

[Event "26th Christmas Open Masters"]
[Site "Zurich SUI"]
[Date "2002.12.28"]
[Round "4"]
[White "Papa,S"]
[Black "Meier,Re"]
[Result "1-0"]
[WhiteElo "2326"]
[BlackElo "2098"]

1.Nf3 Nf6 2.c4 g6 3.g3 Bg7 4.Bg2 O-O 5.O-O c6 6.d4 d5 7.Qb3 a5 8.Na3 a4 9.Qb4 Nbd7
10.cxd5 Nxd5 11.Qc4 e5 12.dxe5 Nxe5 13.Nxe5 Bxe5 14.e4 Nb6 15.Qe2 Be6 16.Be3 Qc7
17.f4 Bf6 18.Rfc1 Nc8 19.Qf2 Qa5 20.Rc2 Rd8 21.Kh1 Rd3 22.Nc4 Qb5 23.Ne5 Bxe5
24.fxe5 Qxe5 25.Rd2 Rxd2 26.Qxd2 Ne7 27.Bf4 Qa5 28.Qd4 Rd8 29.Qf6 Qh5 30.g4 Qxg4
31.Rf1 Rd1 32.Bh6 Rxf1+ 33.Bxf1 Qxe4+ 34.Kg1 Qg4+ 35.Bg2 Qd1+ 36.Bf1 Qg4+
37.Bg2 Qd1+ 38.Kf2 Qc2+ 39.Ke1 Qb1+ 40.Kd2  1-0

[Event "26th Christmas Open Masters"]
[Site "Zurich SUI"]
[Date "2002.12.29"]
[Round "5"]
[White "Kengis,E"]
[Black "Moor,R"]
[Result "1/2-1/2"]
[WhiteElo "2570"]
[BlackElo "2400"]

1.Nf3 Nf6 2.g3 g6 3.c4 Bg7 4.Bg2 O-O 5.d4 d5 6.cxd5 Nxd5 7.O-O Nb6 8.Nc3 Nc6
9.e3 e5 10.d5 Ne7 11.e4 Bg4 12.Qb3 c6 13.Nh4 cxd5 14.exd5 Nec8 15.h3 Bh5
16.Be3 Nd6 17.Bc5 Nbc8 18.Rfe1 Re8 19.Ne4 g5 20.Bxd6 Nxd6 21.Nxd6 Qxd6 22.Nf5 Qd7
23.Nxg7 Kxg7 24.Rac1 Bg6 25.Rc5 Qd6 26.Rec1 Re7 27.Qc3 Rae8 28.a4 h6 29.a5 Kh7
30.Rc7 e4 31.Qc5 Rxc7 32.Qxc7 Qxd5 33.b4 Qd2 34.b5 e3 35.fxe3 Qxe3+ 36.Kh1 b6
37.axb6 axb6 38.Rf1 Re7 39.Qd6 Qe6 40.Qd4 Qe3 41.Qd6 Ra7 42.Kh2 Qe2 43.Qd5 Rc7
44.Rf6 Qe3 45.Rc6 Re7 46.Qd8 Re8 47.Qxb6 Qd2 48.Rxg6 fxg6 49.Qc7+ Kg8 50.b6 Qd8
51.Qc4+ Kg7 52.b7 Qd6 53.Qc3+ Kh7 54.Qc8 Rd8 55.Qc4 h5 56.h4 gxh4 57.Qxh4 Rf8
58.Qa4 Kh6 59.Qb3 h4 60.Kh3 Qxg3+ 61.Qxg3 hxg3 62.Kxg3 Kg5 63.Bh3 Rd8 64.Bd7 Kf6
65.Kf4 g5+ 66.Kg4 Rb8  1/2-1/2

[Event "32nd Rilton Cup"]
[Site "Stockholm SWE"]
[Date "2002.12.30"]
[Round "4"]
[White "Tetenkina,I"]
[Black "Brendel,O"]
[Result "0-1"]
[WhiteElo "2251"]
[BlackElo "2378"]

1.Nf3 Nf6 2.c4 g6 3.g3 Bg7 4.Bg2 O-O 5.Nc3 d5 6.cxd5 Nxd5 7.O-O Nc6 8.Nxd5 Qxd5
9.d3 Qb5 10.Rb1 a5 11.Be3 e5 12.Qd2 Nd4 13.Bxd4 exd4 14.Qf4 c5 15.Ng5 c4
16.dxc4 Qxc4 17.b3 Qxe2 18.Rbe1 Qg4 19.Bd5 Qxf4 20.gxf4 Bf6 21.Nxf7 Rxf7
22.Re8+ Kg7 23.Rc1 d3 24.Rcxc8 Rxc8 25.Rxc8 d2 26.Bf3 Rd7 27.Bd1 Re7 28.Kg2 Re1
29.Rc7+ Kg8 30.Bf3 d1=Q 31.Bxd1 Rxd1 32.Rxb7 Rd2 33.a3 Re2 34.a4 Rb2 35.Rb5 Bc3
36.h4 Bb4 37.h5 Rxb3 38.h6 Ra3 39.f5 gxf5 40.Rxf5 Rxa4 41.Rg5+ Kh8 42.f4 Bf8
43.Rh5 Ra3 44.f5 Kg8 45.Rh1 a4 46.Kf2 Rb3 47.Rd1 a3 48.f6 a2  0-1

[Event "TCh-NOR Qualifier"]
[Site "NOR"]
[Date "2002.??.??"]
[Round "4"]
[White "Leer Salvesen,B"]
[Black "Lie,K"]
[Result "0-1"]
[WhiteElo "2297"]
[BlackElo "2388"]

1.c4 Nf6 2.g3 g6 3.Bg2 Bg7 4.Nf3 O-O 5.O-O d6 6.Nc3 e5 7.d3 c6 8.Rb1 a5 9.a3 Re8
10.e4 h6 11.Re1 Be6 12.b4 axb4 13.axb4 Nbd7 14.Bb2 Qb6 15.b5 Nc5 16.Qc2 Rac8
17.Ba3 Qa7 18.Ra1 Ra8 19.Ra2 Qxa3 20.Rxa3 Rxa3 21.Nd2 Rea8 22.Rb1 Nfd7 23.Bf1 Bf6
24.Rb2 Bd8 25.Ndb1 Ra1 26.bxc6 bxc6 27.Ra2 R1xa2 28.Nxa2 Ba5 29.Nc1 Rb8 30.Nd2 Kg7
31.Be2 Bb4 32.Nb1 Nb6 33.Kg2 Nba4 34.Nb3 Nxb3 35.Qxb3 Nc5 36.Qb2 Na6 37.Qa1 Nc5
38.d4 Nxe4 39.dxe5 d5 40.f3 Nc5 41.cxd5 cxd5 42.Qd4 Nd7 43.f4 Bc5 44.Qa1 Rb4
45.Nd2 Bd4 46.Qd1 Rb2 47.Nf3 Be3 48.Kh1 Nc5 49.f5 Bxf5 50.e6 Nxe6 51.Qa1 Bd4
52.Qa6 Be4 53.Kg2 Nc5 54.Qc8 Rxe2+ 55.Kf1 Rf2+  0-1

[Event "LXIX ch-BRA"]
[Site "Brasilia BRA"]
[Date "2003.01.14"]
[Round "7"]
[White "Felipe,A"]
[Black "Asfora,M"]
[Result "1/2-1/2"]
[WhiteElo "2136"]
[BlackElo "2249"]

1.c4 Nf6 2.Nf3 g6 3.g3 Bg7 4.Bg2 O-O 5.O-O d6 6.Nc3 e5 7.d3 h6 8.Rb1 a5 9.a3 Kh7
10.b4 axb4 11.axb4 Nc6 12.b5 Ne7 13.Ne1 Nd7 14.Nc2 f5 15.Nb4 Nc5 16.Ncd5 Nxd5
17.Nxd5 Bd7 18.b6 c6 19.Nc7 Rb8 20.Bb2 Ne6 21.Nxe6 Bxe6 22.Qb3 f4 23.Ra1 Qd7
24.Ra7 Bh3 25.Ba3 Bxg2 26.Kxg2 h5 27.f3 fxg3 28.hxg3 Bh6 29.Qb4 c5 30.Qa5 Bg5
31.Bc1 Bxc1 32.Rxc1 Qe7 33.Qd2 Qf6 34.Qe3 Qf5 35.Rh1 Kg8 36.Qh6 Rf7 37.g4 Qf6
38.gxh5 Rh7 39.Qe3 gxh5 40.Rg1 Rg7+ 41.Kf1 Qf4 42.Rxg7+ Kxg7 43.Qe4 Qxe4
44.fxe4 Kf6 45.Kf2 Ke6 46.Ra1 Kd7 47.Kg3 Rg8+ 48.Kh4 Rg2 49.Ra2 Rh2+ 50.Kg3 Rh1
51.Rb2 Ra1 52.Kg2 Kc6 53.Kg3 Rg1+ 54.Kh2 Ra1 55.Kh3 Rh1+ 56.Kg3 Rg1+ 57.Kh4 Rh1+
58.Kg5 Rh2 59.Rb3 Rxe2 60.Kxh5 Rg2 61.Kh4 Rg8 62.Kh3 Rg5 63.Kh4 Rg8 64.Kh3 Rg5
65.Kh4 Rg6 66.Kh5 Rg1 67.Kh4 Ra1 68.Kg4 Ra6 69.Kf3 Rxb6 70.Rc3 Rb2 71.Ra3 b5
72.Ra6+ Kd7 73.cxb5 Rxb5 74.Ra7+ Ke6 75.Ke3 Rb3 76.Kd2 Rb2+ 77.Ke3 Rc2 78.Rh7 c4
79.dxc4 Rxc4 80.Rh8 Rc3+ 81.Ke2 Rc7 82.Re8+ Kd7 83.Ra8 Kc6 84.Kf3 Rf7+ 85.Ke2 Rf6
86.Ra5 Kb6 87.Ra3 Rf4 88.Rb3+ Kc6  1/2-1/2

[Event "Brasil BCX"]
[Site "Brasilia BRA"]
[Date "2003.01.19"]
[Round "6"]
[White "Lucena,L"]
[Black "Sant'Ana,Re"]
[Result "1-0"]
[WhiteElo "2200"]
[BlackElo "2120"]

1.c4 g6 2.Nf3 Bg7 3.g3 Nf6 4.Bg2 O-O 5.O-O c5 6.Nc3 Nc6 7.d4 cxd4 8.Nxd4 a6
9.Rb1 Ne5 10.b3 h6 11.h3 Rb8 12.Be3 Re8 13.Qc1 Kh7 14.Rd1 Qc7 15.f4 Nc6 16.Nd5 Qd8
17.Nxf6+ exf6 18.Bxc6 Qe7 19.Bd5 Qxe3+ 20.Qxe3 Rxe3 21.Kf2 Re7 22.f5 d6 23.g4 b5
24.Nc6 Rbb7 25.Nxe7 Rxe7 26.e4  1-0

[Event "Kaissa Open"]
[Site "Kharkov UKR"]
[Date "2003.01.27"]
[Round "6"]
[White "Sukharev,S"]
[Black "Gevorkyan,R"]
[Result "0-1"]
[WhiteElo "2215"]
[BlackElo "2241"]

1.Nf3 Nf6 2.c4 g6 3.g3 Bg7 4.Bg2 O-O 5.O-O d6 6.d4 Nc6 7.d5 Na5 8.Nfd2 c5
9.Nc3 a6 10.Qc2 Rb8 11.Rb1 b5 12.b3 Bd7 13.Bb2 bxc4 14.bxc4 Bf5 15.e4 Bg4
16.h3 Bd7 17.Nd1 Bh6 18.f4 Nh5 19.Rf3 e6 20.Ra3 exd5 21.Qc3 Rxb2 22.Nxb2 Nc6
23.cxd5 Nd4 24.Re1 Nb5 25.Qa5 Nxa3 26.Qxa3 Bg7 27.Kh2 Bd4 28.Nf3 Bf2 29.g4 Bg3+
30.Kh1 Bxe1 31.gxh5 Bg3 32.Qxa6 Qf6 33.Nd3 Qa1+ 34.Ng1 Qd4 35.Qxd6 Bxh3 36.Nxh3 Qxd3
37.Qxc5 Qd1+ 38.Qg1 Qxh5 39.d6 Bxf4 40.Qd4 Rb8 41.Kg1 Bg3 42.d7 Bc7 43.Nf2 Bh2+  0-1

[Event "GMA"]
[Site "Bermuda BER"]
[Date "2003.01.28"]
[Round "4"]
[White "Miton,K"]
[Black "Al Modiahki,M"]
[Result "0-1"]
[WhiteElo "2544"]
[BlackElo "2571"]

1.Nf3 g6 2.c4 Bg7 3.g3 Nf6 4.Bg2 O-O 5.O-O d6 6.Nc3 a6 7.Rb1 c6 8.b4 b5 9.d3 bxc4
10.dxc4 Bf5 11.Rb3 Be6 12.Qd3 Nfd7 13.Nd4 Bxc4 14.Qxc4 Ne5 15.Nxc6 Nbxc6
16.Qe4 e6 17.Rd1 d5 18.Qb1 Nc4 19.e3 Qe7 20.Na4 Rab8 21.a3 Rfc8 22.Bb2 Nxb2
23.Nxb2 Ne5 24.Nd3 Nc4 25.Qa2 Nd6 26.Nc5 a5 27.Bf1 Qa7 28.Qc2 Ne4 29.Rc1 Bf8
30.Qd1 a4 31.Rd3 Bxc5 32.bxc5 Rxc5 33.Rd4 Nc3 34.Qd2 Qc7 35.Kg2 Rb3 36.Rb4 Ne4
37.Rxc5 Qxc5 38.Qe1 Rxb4 39.axb4 Qc3 40.Qb1 Qd2 41.b5 Qxf2+ 42.Kh1 Nd2  0-1

[Event "TCh-BEL 2002-3"]
[Site "Belgium BEL"]
[Date "2003.02.09"]
[Round "8"]
[White "Tiggelman,R"]
[Black "Filipek,J"]
[Result "0-1"]
[WhiteElo "2179"]
[BlackElo "2374"]

1.Nf3 Nf6 2.c4 g6 3.g3 Bg7 4.Bg2 O-O 5.O-O d6 6.Nc3 Nc6 7.Rb1 Bg4 8.h3 Bf5
9.d3 Qc8 10.Kh2 Bd7 11.e4 a6 12.Be3 b5 13.Nd5 bxc4 14.Nxf6+ Bxf6 15.dxc4 Na5
16.c5 Nc4 17.Bd4 e5 18.Bc3 Be6 19.Qa4 dxc5 20.b3 Nb6 21.Qa5 Nd7 22.Rfd1 Re8
23.Rbc1 h5 24.Bb2 Qb7 25.Rxd7 Bxd7 26.Rxc5 Qxe4 27.Bxe5 Be7 28.Nd4 Qb1 29.Rxc7 Rad8
30.Qxa6 Qe1 31.Qa7 Qxe5 32.Rxd7 Bc5 33.Nc6 Qe1 34.Rxd8 Bxa7 35.Rxe8+ Qxe8
36.Nxa7 Qe2 37.a4 Qxf2 38.Nc6 f5 39.a5 h4 40.gxh4 f4  0-1

[Event "Hotel Opatija GM Feb"]
[Site "Rijeka CRO"]
[Date "2003.02.14"]
[Round "12"]
[White "Dizdarevic,E"]
[Black "Nurkic,S"]
[Result "0-1"]
[WhiteElo "2502"]
[BlackElo "2379"]

1.Nf3 Nf6 2.g3 g6 3.c4 Bg7 4.Bg2 O-O 5.O-O d6 6.d4 Nc6 7.Nc3 e5 8.dxe5 dxe5
9.Bg5 Be6 10.Qa4 Qc8 11.Nd2 Bd7 12.Bxf6 Bxf6 13.Nde4 Bg7 14.Nc5 Be8 15.e3 Kh8
16.Rad1 f5 17.Qc2 e4 18.Bh3 g5 19.Nd5 b6 20.Nb3 Bh5 21.g4 fxg4 22.Bg2 Ne5
23.Bxe4 Nf3+ 24.Kh1 c6 25.Nc3 Qc7 26.Bxf3 Rxf3 27.Ne2 Bg6 28.e4 Re8 29.Nd2 Rh3
30.Ng3 h5 31.Rg1 h4 32.Ngf1 Qf4 33.Rg2 Be5 34.c5 b5 35.Re1 Rd8 36.Re3 Rd4
37.Kg1 Rf3 38.Qb3 h3 39.Nxf3 hxg2 40.Nxd4 gxf1=Q+ 41.Kxf1 Bxd4 42.Rd3 Qxf2+  0-1

[Event "11th Aosta Open"]
[Site "Saint Vincent ITA"]
[Date "2003.02.16"]
[Round "9"]
[White "Szekely,P"]
[Black "Collutiis,D"]
[Result "1/2-1/2"]
[WhiteElo "2417"]
[BlackElo "2325"]

1.Nf3 Nf6 2.c4 g6 3.g3 Bg7 4.Bg2 O-O 5.d4 d6 6.O-O Nbd7 7.Nc3 e5 8.e4 exd4
9.Nxd4 Re8 10.h3 a6 11.Be3 Rb8 12.b3 c5 13.Nde2 b5 14.Qxd6 b4 15.Na4 Nxe4
16.Bxe4 Rxe4 17.Rad1 Qe8 18.Nxc5 Rb6 19.Nxe4 Rxd6 20.Nxd6 Qf8 21.Nxc8 Qxc8
22.Bd4 Bxd4 23.Nxd4 Nc5  1/2-1/2